Secretariat of the convention on Biological Diversity (2001)Series No.14. : Integrated marine and coastal area management (IMCAM) approaches for implementing the convention on biological diversity.

Bibliographic Details
Corporate Author: Secretariat of the convention on Biological Diversity
Format: Book
Published: Montreal, Canada : Secretariat of the convention on Biological Diversity , 2001
Series:CBD Technical Series No.14
Subjects:

MARC

LEADER 00000cam a2200000 7i4500
001 0000003452
005 20060322.0
020 0 0 |a 9280724096 
090 0 0 |a 333.95   |b SCBD 
245 1 0 |a Secretariat of the convention on Biological Diversity (2001)Series No.14. :   |b Integrated marine and coastal area management (IMCAM) approaches for implementing the convention on biological diversity. 
260 0 0 |a Montreal, Canada :   |b Secretariat of the convention on Biological Diversity ,   |c 2001 
300 |a iv, 51 p. ;   |c 28 cm. 
440 0 0 |a CBD Technical Series No.14 
650 0 0 |a Biodiversity 
650 0 0 |a Ecosystems 
650 0 0 |a Forest and forestry 
710 2 1 |a Secretariat of the convention on Biological Diversity 
999 |a 0000006367   |b Monograph   |c Open Shelf   |e Default branch